モノレールが通る市町村(1970年) - Statistics

General Stats
  • This quiz has been taken 132 times
  • The average score is 7 of 12
Answer Stats
自治体名 % Correct
大田区
77%
港区
76%
品川区
73%
横浜市
65%
姫路市
65%
台東区
59%
鎌倉市
54%
川崎市
52%
吹田市
52%
名古屋市
43%
犬山市
38%
稲城町
5%
No matching quizzes found
Score Distribution
Percent of People with Each Score
Percentile by Number Answered
Your Score History
You have not taken this quiz